000 00433cam a2200181ua 4500
020 _c0.75
041 _ahin
_h
082 _a891.54
_bBAB/JA
100 _aBaburav, Joshy .
245 _aJanatha ke Jawahar /
_cJoshy baburav.
_hTextual Documents
250 _a1 /
_b.
260 _aIlahabad :
_bHindi prakashan mandir ,
_c1961.
300 _a68 ; .
365 _a0.75
504 _a
942 _cBK
999 _c3777
_d3777